000
00267nac a2200097zu 4500
008
260115e1995 mx a|||br|||| 000 0 spa d
245
_a
PAPIROFLEXIA
_b
ORIGAMI
260
_a
MÉXICO:
_b
COLÍN Y ASOCIADOS
_c
1995
300
_a
14 páginas;
_c
20.5 X 20.7 cm
942
_2
ddc
_c
BKN
999
_c
68486
_d
68486